Un corazón sencillo

Guardat en:
Dades bibliogràfiques
Autor principal: Flaubert, Gustave
Format: Llibre
Idioma:Undetermined
Publicat: San José, Costa Rica Editorial Costa Rica 1977
Matèries:
Etiquetes: Afegir etiqueta
Sense etiquetes, Sigues el primer a etiquetar aquest registre!

MARC

LEADER 00000nam a2200000Ia 4500
008 170316s9999 xx 000 0 und d
040 |a cru BVZT 
090 |a 840 F-5u 
100 |a Flaubert, Gustave 
245 |a Un corazón sencillo 
260 |a San José, Costa Rica 
260 |b Editorial Costa Rica 
260 |c 1977 
300 |a 133 páginas 
650 |a LITERATURA FRANCESA 
999 |c 7684  |d 7684 
942 |c 15 D  |h 840 F-5u  |2 z